BIBLIOTECA PODER JUDICIAL
Portal Judicial TDF

Una necesaria revisión del control judicial de las internaciones por motivos de salud mental / (Registro nro. 6258)

000 -LEADER
fixed length control field 01385nab a22002057a 4500
003 - CONTROL NUMBER IDENTIFIER
control field OSt
005 - DATE AND TIME OF LATEST TRANSACTION
control field 20260128020853.0
008 - FIXED-LENGTH DATA ELEMENTS--GENERAL INFORMATION
fixed length control field 190514b xxu||||| |||| 00| 0 spa d
040 ## - CATALOGING SOURCE
Transcribing agency PJ
100 ## - MAIN ENTRY--PERSONAL NAME
9 (RLIN) 6968
Personal name Freije, Joaquín
245 10 - TITLE STATEMENT
Title Una necesaria revisión del control judicial de las internaciones por motivos de salud mental /
Statement of responsibility, etc Joaquín Freije.
300 ## - PHYSICAL DESCRIPTION
Extent p. 87-97
500 ## - GENERAL NOTE
General note Cita: TR LALEY AR/DOC/2507/2025.
505 ## - FORMATTED CONTENTS NOTE
Formatted contents note Sumario: I. Introducción.— II. Marco de protección de derechos humanos durante la internación.— III. La situación de riesgo cierto e inminente como presupuesto limitativo de la internación involuntaria.— IV. El uso de internaciones para casos diferentes al riesgo cierto e inminente.— V. Un problema específico: la falta de control de los supuestos legales de la internación.— VI. El control de la internación en el modelo procesal tradicional.— VII. Una propuesta de revisión a partir del debido proceso.— VIII. Construcción del rol de la defensa técnica de internaciones por salud mental.— IX. Consideraciones finales.
505 ## - FORMATTED CONTENTS NOTE
Title Si te interesa el texto, comunicate a koha@justierradelfuego.gov.ar
650 #0 - SUBJECT ADDED ENTRY--TOPICAL TERM
9 (RLIN) 967
Topical term or geographic name as entry element DERECHO DE FAMILIA
650 #0 - SUBJECT ADDED ENTRY--TOPICAL TERM
9 (RLIN) 1272
Topical term or geographic name as entry element SALUD MENTAL
773 0# - HOST ITEM ENTRY
Host Biblionumber 2844
Host Itemnumber 3222
Place, publisher, and date of publication Buenos Aires : AbeledoPerrot, 1989-
Title Derecho de familia. N° 122 - Noviembre 2025
International Standard Book Number 18511201
942 ## - ADDED ENTRY ELEMENTS (KOHA)
Source of classification or shelving scheme
Koha item type Analítica Artículo de Revista

No hay ítems disponibles.

12 de Octubre 789 Ushuaia - Tel:  54(02901)441571
Horario de Atención: 8.00 a 17.00 hs. 
bibliotecaush@justierradelfuego.gov.ar
koha@justierradelfuego.gov.ar
Seguinos en nuestras redes @bibliojustdf 

Con tecnología Koha